NLSUI OPAC header image

Assistive technologies for differently abled students / (Record no. 213396)

MARC details
000 -LEADER
fixed length control field 02940cam a22004458i 4500
001 - CONTROL NUMBER
control field 21878646
005 - DATE AND TIME OF LATEST TRANSACTION
control field 20250312171730.0
006 - FIXED-LENGTH DATA ELEMENTS--ADDITIONAL MATERIAL CHARACTERISTICS
fixed length control field m |o d |
007 - PHYSICAL DESCRIPTION FIXED FIELD--GENERAL INFORMATION
fixed length control field cr |||||||||||
008 - FIXED-LENGTH DATA ELEMENTS--GENERAL INFORMATION
fixed length control field 210125s2021 pau ob 001 0 eng
010 ## - LIBRARY OF CONGRESS CONTROL NUMBER
LC control number 2020058406
020 ## - INTERNATIONAL STANDARD BOOK NUMBER
International Standard Book Number 9781799881209
Qualifying information (Softcover)
020 ## - INTERNATIONAL STANDARD BOOK NUMBER
International Standard Book Number 9781799847373
Qualifying information (ebook)
020 ## - INTERNATIONAL STANDARD BOOK NUMBER
Canceled/invalid ISBN 9781799847366
Qualifying information (hardcover)
040 ## - CATALOGING SOURCE
Original cataloging agency DLC
Language of cataloging eng
Transcribing agency DLC
Description conventions rda
041 1# - LANGUAGE CODE
Language code of text/sound track or separate title eng
Language code of original por
042 ## - AUTHENTICATION CODE
Authentication code pcc
050 00 - LIBRARY OF CONGRESS CALL NUMBER
Classification number LC4818.38
082 00 - DEWEY DECIMAL CLASSIFICATION NUMBER
Classification number 371.91
Edition number 23
245 00 - TITLE STATEMENT
Title Assistive technologies for differently abled students /
Statement of responsibility, etc. Sangeeta Dhamdhere-Rao and Frederic Andres, editors.
263 ## - PROJECTED PUBLICATION DATE
Projected publication date 2105
264 #1 - PRODUCTION, PUBLICATION, DISTRIBUTION, MANUFACTURE, AND COPYRIGHT NOTICE
Place of production, publication, distribution, manufacture Hershey, PA :
Name of producer, publisher, distributor, manufacturer Information Science Reference,
Date of production, publication, distribution, manufacture, or copyright notice 2021.
300 ## - PHYSICAL DESCRIPTION
Extent xi, 313 pages
Dimensions 28 cm
336 ## - CONTENT TYPE
Content type term text
Content type code txt
Source rdacontent
365 ## - TRADE PRICE
Price amount Rs. 14949.00
504 ## - BIBLIOGRAPHY, ETC. NOTE
Bibliography, etc. note Includes bibliographical references and index.
505 0# - FORMATTED CONTENTS NOTE
Formatted contents note Assistive technology for children with learning disabilities as an artificial intelligence application / Valerianus Hashiyana, Veiko Veiko, Nalina Suresh, Martin Ujakpa, William Sverdlik -- Ensuring technology integration in the classroom leads to increased accessibility : using UDL as a lens / Frederic Fovet -- The use of assistive technologies for blind students in virtual museums as a possibility in the teaching of distance art classes : case study : Presence in Absence exhibition / Sheisa Bittencourt -- Writing machine for blind people / V. Sivakumar, R. Swathi, V. Yuvaraj -- Tecnologia educacional adaptativa estudo de caso da plataforma educacional Simplix / Geisse Martins -- Acessibilidade física em biblioteca / Cícero Tavares -- JAWS (Job Access With Speech) : a third eye for visually impaired students / Ravindra Bankar, Shalini Lihitkar.
520 ## - SUMMARY, ETC.
Summary, etc. "This book provide a resource for higher educational institutes to implement effective assistive technologies and other related services for providing differently abled students a quality and equal education, enabling them to excel in their field and get good employment"--
Assigning source Provided by publisher.
546 ## - LANGUAGE NOTE
Language note Contributions in English and Portuguese.
588 ## - SOURCE OF DESCRIPTION NOTE
Source of description note Description based on print version record and CIP data provided by publisher; resource not viewed.
650 #0 - SUBJECT ADDED ENTRY--TOPICAL TERM
Topical term or geographic name entry element People with disabilities
General subdivision Education (Higher)
650 #0 - SUBJECT ADDED ENTRY--TOPICAL TERM
Topical term or geographic name entry element Learning disabled
General subdivision Education (Higher)
650 #0 - SUBJECT ADDED ENTRY--TOPICAL TERM
Topical term or geographic name entry element Assistive computer technology.
650 #0 - SUBJECT ADDED ENTRY--TOPICAL TERM
Topical term or geographic name entry element Special education
General subdivision Technological innovations.
700 1# - ADDED ENTRY--PERSONAL NAME
Personal name Dhamdhere-Rao, Sangeeta,
Dates associated with a name 1975-
Relator term editor.
700 1# - ADDED ENTRY--PERSONAL NAME
Personal name Andres, Frederic,
Dates associated with a name 1962-
Relator term editor.
776 08 - ADDITIONAL PHYSICAL FORM ENTRY
Relationship information Print version:
Title Assistive technologies for differently abled students
Place, publisher, and date of publication Hershey, PA : Information Science Reference, 2021.
International Standard Book Number 9781799847366
Record control number (DLC) 2020058405
856 ## - ELECTRONIC LOCATION AND ACCESS
Uniform Resource Identifier <a href="https://www.igi-global.com/pdf.aspx?tid=305457&ptid=244557&ctid=15&t=Table%20of%20Contents&isxn=9781799847366">https://www.igi-global.com/pdf.aspx?tid=305457&ptid=244557&ctid=15&t=Table%20of%20Contents&isxn=9781799847366</a>
Public note Click here for the Table of Contents
942 ## - ADDED ENTRY ELEMENTS (KOHA)
Source of classification or shelving scheme Dewey Decimal Classification
Koha item type BOOKs
Holdings
Withdrawn status Lost status Source of classification or shelving scheme Materials specified (bound volume or other part) Damaged status Not for loan Home library Current library Shelving location Date acquired Source of acquisition Cost, normal purchase price Total Checkouts Total Renewals Full call number Barcode Date last seen Date last checked out Price effective from Koha item type
    Dewey Decimal Classification PB     . . General Stacks 12.03.2025 Purchased - Segment Book 14949.00 1 9 371.91 DHA 40049 23.01.2026 14.03.2025 12.03.2025 BOOKs